30 città più popolate della Calabria - Statistics

Statistiche generali
  • Questo quiz è stato fatto 52 volte
  • Il punteggio medio è 14 su 30
Statistiche sulle risposte
Popolazione Risposta % Corretto
83.2k Catanzaro
100%
58.1k Crotone
100%
168.5k Reggio Calabria
100%
63.2k Cosenza
96%
30.9k Vibo Valentia
96%
67.1k Lamezia Terme
81%
19.2k Gioia Tauro
70%
74k Corigliano-Rossano
66%
15.1k Paola
60%
20.5k Castrovillari
53%
11.8k Locri
53%
17.9k Palmi
53%
36.8k Rende
51%
13.8k Amantea
45%
11.5k Scalea
45%
14.4k Rosarno
43%
17.5k Siderno
43%
12.6k Villa San Giovanni
40%
18.3k Acri
34%
14.6k Taurianova
30%
15.4k San Giovanni in Fiore
28%
20.0k Montalto Uffugo
23%
16.2k Cassano allo Ionio
19%
10.4k Melito di Porto Salvo
19%
14.1k Cirò Marina
17%
9.8k Polistena
17%
18.3k Isola di Capo Rizzuto
15%
9.4k Bisignano
13%
9.6k Cittanova
11%
9.6k Crosia
9%
Nessun quiz corrispondente trovato
Distribuzione punteggi
Percentuale di utenti per punteggio
Percentile per numero di risposta
I tuoi punteggi nel tempo
Non hai fatto questo quiz